[Event "CHN-ch (Women)"]
[Site "Xinghua"]
[Date "2024.05.13"]
[Round "8"]
[White "Wang, Qinxuanyi"]
[Black "Lu, Miaoyi"]
[Result "0-1"]
[WhiteElo "2049"]
[BlackElo "2439"]
[PlyCount "114"]
[EventDate "2024.05.06"]
[EventType "tourn"]
[EventRounds "11"]
[EventCountry "CHN"]
[EventCategory "1"]
[SourceTitle "CB21_2024"]
[SourceDate "2024.05.22"]
[SourceVersion "1"]
[SourceVersionDate "2024.05.22"]
[SourceQuality "1"]

1. d4 Nf6 2. c4 e6 3. Nf3 d5 4. Nc3 Nbd7 5. cxd5 exd5 6. Bf4 Nb6 7. e3 Bf5 8. Bd3 Bxd3 9. Qxd3 c6 10. 0-0 Be7 11. Nd2 Nh5 12. Bg3 Nxg3 13. hxg3 h5 14. Rfe1 0-0 15. Ne2 g6 16. Nf4 Kg7 17. Nf3 Bd6 18. Ne5 Qf6 19. e4 dxe4 20. Rxe4 Rae8 21. Rae1 Qf5 22. Qf3 Re7 23. Ned3 Rfe8 24. Rxe7 Rxe7 25. Rxe7 Bxe7 26. Ne2 Qxf3 27. gxf3 g5 28. g4 h4 29. f4 f6 30. fxg5 fxg5 31. f4 Nd5 32. fxg5 Kg6 33. Kg2 Kxg5 34. Kf3 Bd6 35. Nf2 Kg6 36. Ne4 Bc7 37. Nc5 h3 38. Ng3 h2 39. Nh1 b6 40. Nd3 Kg5 41. Ndf2 Nf6 42. Nd3 Nxg4 43. Nb4 c5 44. dxc5 bxc5 45. Nd5 Bd6 46. Nc3 Nf6 47. Nf2 Kf5 48. Kg2 Be5 49. Nfd1 Ng4 50. Na4 Bd6 51. b3 Ke4 52. Nab2 Kd4 53. Kh1 Bb8 54. a3 a5 55. Kg2 Bf4 56. a4 Bb8 57. Kh1 Bc7 0-1

[Event "CHN-ch (Women)"]
[Site "Xinghua"]
[Date "2024.05.10"]
[Round "5"]
[White "Zhou, Yafei"]
[Black "Wang, Qinxuanyi"]
[Result "1/2-1/2"]
[WhiteElo "1835"]
[BlackElo "2049"]
[PlyCount "80"]
[EventDate "2024.05.06"]
[EventType "tourn"]
[EventRounds "11"]
[EventCountry "CHN"]
[EventCategory "1"]
[SourceTitle "CB21_2024"]
[SourceDate "2024.05.22"]
[SourceVersion "1"]
[SourceVersionDate "2024.05.22"]
[SourceQuality "1"]

1. d4 d5 2. c4 c6 3. Nf3 Nf6 4. e3 Bf5 5. b3 e6 6. Nbd2 Nbd7 7. Bb2 Be7 8. Be2 0-0 9. 0-0 h6 10. Ne5 Nxe5 11. dxe5 Nd7 12. f4 a5 13. Nf3 Bc5 14. Nd4 Bh7 15. Rc1 Qe7 16. Bd3 Bxd3 17. Qxd3 a4 18. cxd5 cxd5 19. Qb5 axb3 20. axb3 Ra2 21. Bc3 Nb8 22. Ra1 Rxa1 23. Rxa1 Rc8 24. g3 Na6 25. Ra2 Bxd4 26. Bxd4 Qc7 27. Kg2 g6 28. Re2 Qe7 29. Bb2 Rc6 30. Qa5 Qc5 31. Qa4 Kh7 32. Ba3 Qb6 33. Bd6 Nc7 34. Bxc7 Qxc7 35. Qa8 Kg7 36. Ra2 Rc2+ 37. Kf3 Rc3 38. Qe8 d4 39. Kg4 h5+ 40. Kh3 Qc6 1/2-1/2

[Event "CHN-ch (Women)"]
[Site "Xinghua"]
[Date "2024.05.08"]
[Round "3"]
[White "Wang, Qinxuanyi"]
[Black "Li, Xueyi"]
[Result "1-0"]
[WhiteElo "2049"]
[BlackElo "2212"]
[PlyCount "109"]
[EventDate "2024.05.06"]
[EventType "tourn"]
[EventRounds "11"]
[EventCountry "CHN"]
[EventCategory "1"]
[SourceTitle "CB21_2024"]
[SourceDate "2024.05.22"]
[SourceVersion "1"]
[SourceVersionDate "2024.05.22"]
[SourceQuality "1"]

1. d4 d5 2. c4 c6 3. Nf3 Nf6 4. Nc3 a6 5. cxd5 cxd5 6. Bf4 Nc6 7. e3 Bg4 8. Be2 e6 9. Qb3 Bxf3 10. gxf3 Bd6 11. Bxd6 Qxd6 12. Qxb7 0-0 13. Qb3 e5 14. dxe5 Qxe5 15. f4 Qf5 16. 0-0-0 d4 17. Bd3 Qc8 18. exd4 Rb8 19. Qa3 Nb4 20. Kb1 Rd8 21. Ne4 Nfd5 22. Nc5 Nxd3 23. Qxd3 Nb4 24. Qf3 Nc6 25. Nb3 Qf5+ 26. Qd3 Qxf4 27. Qd2 Qf5+ 28. Qc2 Qf6 29. Qd2 Nb4 30. Ka1 a5 31. a3 Nc6 32. Qc3 a4 33. Nc5 Nxd4 34. Rd2 Rb3 35. Ne4 Qe7 36. Qc5 Qxe4 37. Rhd1 h6 38. Rxd4 Rxd4 39. Rxd4 Qe1+ 40. Ka2 Qe6 41. Qc4 Qxc4 42. Rxc4 Rf3 43. Rxa4 Rxf2 44. Ra8+ Kh7 45. a4 Rxh2 46. a5 Re2 47. a6 Kg6 48. Ka3 h5 49. b4 Re5 50. Rc8 Re1 51. Rc2 Re7 52. b5 h4 53. b6 Re3+ 54. Kb4 Re4+ 55. Rc4 1-0

[Event "CHN-ch (Women)"]
[Site "Xinghua"]
[Date "2024.05.06"]
[Round "1"]
[White "Wang, Qinxuanyi"]
[Black "Ni, Shiqun"]
[Result "0-1"]
[WhiteElo "2049"]
[BlackElo "2324"]
[PlyCount "100"]
[EventDate "2024.05.06"]
[EventType "tourn"]
[EventRounds "11"]
[EventCountry "CHN"]
[EventCategory "1"]
[SourceTitle "CB21_2024"]
[SourceDate "2024.05.22"]
[SourceVersion "1"]
[SourceVersionDate "2024.05.22"]
[SourceQuality "1"]

1. d4 d5 2. c4 c6 3. cxd5 cxd5 4. Nc3 e6 5. Bf4 Bd6 6. Bxd6 Qxd6 7. Nf3 Ne7 8. e3 Nbc6 9. Bd3 f6 10. h4 Bd7 11. a3 Rc8 12. Qe2 a6 13. Rd1 0-0 14. 0-0 Be8 15. Qc2 Kh8 16. b4 a5 17. Nb5 Qd7 18. Qb2 axb4 19. axb4 Bh5 20. Be2 Nf5 21. g3 Qe7 22. Rb1 Bg6 23. Qd2 Ra8 24. Nc3 Nd6 25. Rb2 Rfc8 26. Rc1 h6 27. Qd1 Nb8 28. Nd2 Nd7 29. Nb5 Nb6 30. Nxd6 Rxc1 31. Qxc1 Qxd6 32. Qc5 Qd8 33. Qb5 Ra1+ 34. Kh2 Na4 35. Rb3 Qc8 36. Bd3 Qc1 37. Rb1 Rxb1 38. Bxb1 Bxb1 39. Nxb1 Nb2 40. Na3 Qd2 41. Qf1 Qxb4 42. Nb1 Qc4 43. Qe1 b5 44. Na3 Qb3 45. Qa5 Nc4 46. Qd8+ Kh7 47. Nxc4 bxc4 48. Qe8 Qc2 49. Qxe6 Qxf2+ 50. Kh3 Qf3 0-1

[Event "CHN-chT (Women)"]
[Site "Qingdao"]
[Date "2024.04.08"]
[Round "7.3"]
[White "Wang, Qinxuanyi"]
[Black "Wang, Yi1"]
[Result "1-0"]
[WhiteElo "1965"]
[BlackElo "1782"]
[PlyCount "69"]
[EventDate "2024.04.02"]
[EventType "team-swiss"]
[EventRounds "9"]
[EventCountry "CHN"]
[SourceTitle "CB16_2024"]
[SourceDate "2024.04.17"]
[SourceVersion "1"]
[SourceVersionDate "2024.04.17"]
[SourceQuality "1"]
[WhiteTeam "Hangzhou (W)"]
[BlackTeam "Beijing (W)"]
[WhiteTeamCountry "CHN"]
[BlackTeamCountry "CHN"]

1. d4 d5 2. c4 c6 3. Nf3 Nf6 4. Nc3 a6 5. c5 g6 6. h3 Bg7 7. Bf4 0-0 8. e3 Bf5 9. Qb3 Qc8 10. Na4 Nbd7 11. Nh4 Be6 12. g4 Ne4 13. Ng2 g5 14. Bh2 Qd8 15. Qb4 Ra7 16. f3 a5 17. Qb3 Nef6 18. Bd3 Re8 19. h4 h6 20. 0-0-0 Nf8 21. hxg5 hxg5 22. Bg3 N6d7 23. Rh2 b6 24. cxb6 Rb7 25. Bc7 Rxc7 26. bxc7 Qxc7 27. Rdh1 Qg3 28. Qd1 Rb8 29. Ne1 Rb4 30. Nc3 c5 31. Nc2 Rb8 32. Bf5 Qd6 33. Bxe6 Nxe6 34. Qd3 Nb6 35. Rh8+ 1-0

[Event "Tianjin Binhai Cup-A 3rd"]
[Site "Tianjin"]
[Date "2023.08.24"]
[Round "7"]
[White "Wang, Qinxuanyi"]
[Black "Jiang, Haochen"]
[Result "1/2-1/2"]
[WhiteElo "2032"]
[BlackElo "2018"]
[PlyCount "72"]
[EventDate "2023.08.20"]
[EventType "swiss"]
[EventRounds "9"]
[EventCountry "CHN"]
[SourceTitle "CBM 215 Extra"]
[Source "ChessBase"]
[SourceDate "2023.09.30"]
[SourceVersion "1"]
[SourceVersionDate "2023.09.30"]
[SourceQuality "1"]

1. d4 c5 2. e3 e6 3. c4 Nf6 4. Nc3 cxd4 5. exd4 d5 6. Nf3 Bb4 7. Bd3 0-0 8. 0-0 dxc4 9. Bxc4 Nbd7 10. a3 Be7 11. Qd3 b6 12. Bg5 Bb7 13. Rad1 Qc7 14. Ba2 Rfe8 15. Bh4 Bc6 16. Rfe1 Rad8 17. Ng5 Nf8 18. Qh3 Nd5 19. Nxd5 Bxd5 20. Bb1 h6 21. Ne4 Bxh4 22. Qxh4 Ng6 23. Qg3 Qxg3 24. hxg3 Ne7 25. Bc2 Bxe4 26. Bxe4 Rd7 27. Re2 Red8 28. Red2 h5 29. f3 e5 30. d5 Kf8 31. Kf2 g6 32. g4 hxg4 33. fxg4 f5 34. gxf5 gxf5 35. d6 Nc8 36. Bxf5 Rxd6 1/2-1/2

[Event "Tianjin Binhai Cup-A 3rd"]
[Site "Tianjin"]
[Date "2023.08.22"]
[Round "4"]
[White "Chen, Zimu"]
[Black "Wang, Qinxuanyi"]
[Result "0-1"]
[WhiteElo "1899"]
[BlackElo "2032"]
[PlyCount "106"]
[EventDate "2023.08.20"]
[EventType "swiss"]
[EventRounds "9"]
[EventCountry "CHN"]
[SourceTitle "CBM 215 Extra"]
[Source "ChessBase"]
[SourceDate "2023.09.30"]
[SourceVersion "1"]
[SourceVersionDate "2023.09.30"]
[SourceQuality "1"]

1. e4 e6 2. Qe2 Nc6 3. Nf3 d6 4. g3 e5 5. Bg2 Nge7 6. 0-0 g6 7. c3 Bg7 8. Rd1 0-0 9. d4 Bg4 10. d5 Nb8 11. h3 Bc8 12. Ne1 f5 13. Nd2 Nd7 14. Nd3 Nf6 15. f3 c5 16. dxc6 bxc6 17. Nc4 Qc7 18. b3 Rd8 19. Ba3 Ba6 20. Qe3 Bxc4 21. bxc4 fxe4 22. fxe4 c5 23. h4 Nc6 24. Bh3 Qf7 25. h5 Nxh5 26. Rf1 Qxc4 27. Nb2 Qa6 28. Be6+ Kh8 29. Nc4 Na5 30. Nd2 Rf8 31. Kg2 Nf6 32. Rab1 Rae8 33. Bd5 Nxd5 34. exd5 e4 35. Rxf8+ Rxf8 36. Qxe4 Bxc3 37. Qe7 Kg8 38. Bb2 Qd3 39. Qe6+ Kg7 40. Bxc3+ Qxc3 41. Qe2 Rf5 42. Ne4 Qd4 43. Rd1 Qe5 44. Qd3 h5 45. Kh3 g5 46. Kg2 g4 47. Qe2 c4 48. Rb1 Rf7 49. Qe3 Re7 50. Re1 Nb7 51. Qf2 Nc5 52. Nxc5 Qxe1 53. Qd4+ Qe5 0-1

[Event "Daqing Boyi Cup-A"]
[Site "Daqing"]
[Date "2023.08.13"]
[Round "1"]
[White "Jin, Hongtao"]
[Black "Wang, Qinxuanyi"]
[Result "1/2-1/2"]
[WhiteElo "1862"]
[BlackElo "2032"]
[PlyCount "140"]
[EventDate "2023.08.13"]
[EventType "swiss"]
[EventRounds "9"]
[EventCountry "CHN"]
[SourceTitle "EXT 2024"]
[Source "ChessBase"]
[SourceDate "2023.10.10"]
[SourceVersion "1"]
[SourceVersionDate "2023.10.10"]
[SourceQuality "1"]

1. e4 e6 2. d4 d5 3. Nc3 Bb4 4. e5 c5 5. a3 Bxc3+ 6. bxc3 Ne7 7. Qg4 0-0 8. Bd3 f5 9. exf6 Rxf6 10. Bg5 Rf7 11. Qh5 g6 12. Qd1 Qf8 13. Nf3 Nbc6 14. 0-0 c4 15. Be2 h6 16. Bc1 Nf5 17. a4 Bd7 18. Rb1 b6 19. Re1 Qg7 20. h3 Nd6 21. Qd2 Ne4 22. Qe3 Rc8 23. Nd2 Nd6 24. Nf1 Nf5 25. Qd2 g5 26. Bh5 Rf6 27. Nh2 Be8 28. Qd1 Kh8 29. Ba3 Bxh5 30. Qxh5 Qg6 31. Qxg6 Rxg6 32. Nf3 h5 33. Ne5 Nxe5 34. Rxe5 g4 35. hxg4 hxg4 36. Rbe1 Ng7 37. g3 Kg8 38. Kg2 Rc7 39. Bc1 Rf7 40. Bf4 Rb7 41. R5e2 Rf7 42. Be5 Rf3 43. Re3 Rxe3 44. Rxe3 Nf5 45. Re1 Ne7 46. Rh1 Nc6 47. Rh8+ Kf7 48. Bf4 Rg8 49. Rxg8 Kxg8 50. Bc7 Kf7 51. f3 gxf3+ 52. Kxf3 Ne7 53. Kf4 Ng6+ 54. Kg5 Ne7 55. g4 Ng6 56. Kh6 Ne7 57. Kg5 Ng6 58. Kh6 Ne7 59. g5 Ng6 60. Bb8 a6 61. Bc7 b5 62. axb5 axb5 63. Bd6 Nh4 64. Kh7 Ng6 65. Be5 Nf8+ 66. Kh6 Ng6 67. Bg3 Ne7 68. Bh2 Ng6 69. Bc7 Ne7 70. Kh7 Ng6 1/2-1/2

[Event "CHN-ch U12 Girls"]
[Site "Shenzhen"]
[Date "2023.07.29"]
[Round "4"]
[White "Wang, Qinxuanyi"]
[Black "Guo, Hanxi"]
[Result "1-0"]
[WhiteElo "2032"]
[BlackElo "1539"]
[PlyCount "151"]
[EventDate "2023.07.28"]
[EventType "swiss"]
[EventRounds "11"]
[EventCountry "CHN"]
[SourceTitle "CBM 215 Extra"]
[Source "ChessBase"]
[SourceDate "2023.09.30"]
[SourceVersion "1"]
[SourceVersionDate "2023.09.30"]
[SourceQuality "1"]

1. d4 Nf6 2. c4 e6 3. Nf3 b6 4. a3 Bb7 5. Nc3 d5 6. cxd5 exd5 7. Bg5 Be7 8. e3 0-0 9. Bd3 Nbd7 10. 0-0 Ne4 11. Bf4 c5 12. Qc2 Ndf6 13. Ng5 Nxg5 14. Bxg5 h6 15. Bf4 Bd6 16. Ne2 Bxf4 17. Nxf4 Qd6 18. dxc5 bxc5 19. Rfd1 Qc6 20. Be2 Rfd8 21. Bf3 Qb6 22. Rd3 Rd7 23. Rb3 Qc7 24. Rc3 Rc8 25. Rc1 c4 26. Qd2 Qa5 27. b3 Rcd8 28. Qd4 cxb3 29. Rxb3 Ba6 30. h4 Bb7 31. Nd3 Rc8 32. Rc5 Qd8 33. g3 Ba8 34. Kg2 Rdc7 35. Ra5 Qe7 36. Nf4 Qd7 37. Nxd5 Nxd5 38. Bxd5 Rc4 39. Qd3 Bxd5+ 40. Rxd5 Qc6 41. Kh2 Rc1 42. Rb4 Qc2 43. Rf4 Qxd3 44. Rxd3 R8c7 45. Kg2 R1c3 46. Rd8+ Kh7 47. Ra4 Rb3 48. Ra8 Rbb7 49. g4 g6 50. Kg3 Kg7 51. Rd4 Rd7 52. Rxd7 Rxd7 53. a4 Rc7 54. f4 Rb7 55. Kf3 Rc7 56. Rd8 Rc4 57. Rd4 Rc5 58. Ke4 Rc1 59. h5 gxh5 60. gxh5 Rc5 61. f5 a5 62. Kf4 Rc1 63. e4 Ra1 64. Ke5 Ra2 65. f6+ Kh7 66. Rd7 Kg8 67. Rd8+ Kh7 68. Rf8 Rxa4 69. Rxf7+ Kg8 70. Rg7+ Kf8 71. Ra7 Kg8 72. Kf5 Ra1 73. e5 Rg1 74. Ra8+ Kh7 75. f7 Rf1+ 76. Ke6 1-0

[Event "CHN-ch U12 Girls"]
[Site "Shenzhen"]
[Date "2023.07.29"]
[Round "3"]
[White "Yang, Shufan"]
[Black "Wang, Qinxuanyi"]
[Result "0-1"]
[WhiteElo "1397"]
[BlackElo "2032"]
[PlyCount "72"]
[EventDate "2023.07.28"]
[EventType "swiss"]
[EventRounds "11"]
[EventCountry "CHN"]
[SourceTitle "CBM 215 Extra"]
[Source "ChessBase"]
[SourceDate "2023.09.30"]
[SourceVersion "1"]
[SourceVersionDate "2023.09.30"]
[SourceQuality "1"]

1. Nf3 Nf6 2. g3 d5 3. d4 Bf5 4. Bg2 e6 5. 0-0 Nbd7 6. b3 Be7 7. Bb2 0-0 8. Nbd2 h6 9. c4 c6 10. Rc1 a5 11. a3 Qb6 12. Re1 Rfd8 13. e3 Rac8 14. Qe2 c5 15. Nh4 Bh7 16. Nhf3 Qa7 17. h3 a4 18. bxa4 Qxa4 19. Qd1 Qa6 20. Qb3 Rc6 21. Ne5 Rb6 22. Qa2 Nxe5 23. dxe5 Ne8 24. cxd5 exd5 25. Bxd5 Rxb2 26. Bxf7+ Kf8 27. Qxb2 Kxf7 28. e4 Kg8 29. Qb3+ Kh8 30. Qf7 Bg5 31. f4 Bg8 32. Qh5 Rxd2 33. fxg5 Qd3 34. Qg4 Qd4+ 35. Kh1 Qf2 36. Qf4 Qh2# 0-1

[Event "CHN-chT (Women)"]
[Site "Hangzhou"]
[Date "2023.05.25"]
[Round "7.2"]
[White "Wang, Qinxuanyi"]
[Black "Yuan, Ye"]
[Result "0-1"]
[WhiteElo "2019"]
[BlackElo "2171"]
[PlyCount "64"]
[EventDate "2023.05.19"]
[EventType "team-swiss"]
[EventRounds "9"]
[EventCountry "CHN"]
[SourceTitle "CBM 214 Extra"]
[Source "ChessBase"]
[SourceDate "2023.07.31"]
[SourceVersion "1"]
[SourceVersionDate "2023.07.31"]
[SourceQuality "1"]
[WhiteTeam "Chongqing (W)"]
[BlackTeam "Jiangsu (W)"]
[WhiteTeamCountry "CHN"]
[BlackTeamCountry "CHN"]

1. d4 d5 2. c4 e6 3. Nc3 Bb4 4. e3 Nf6 5. Nf3 0-0 6. a3 Be7 7. Bd3 dxc4 8. Bxc4 c5 9. 0-0 Nc6 10. Re1 a6 11. d5 exd5 12. Nxd5 Bg4 13. Nxe7+ Qxe7 14. Be2 Bf5 15. Bd2 Ne4 16. Qb3 Rad8 17. Bc3 b5 18. Rac1 c4 19. Qa2 a5 20. Nd4 Nxd4 21. Bxd4 Nd2 22. Bb6 Ra8 23. Rcd1 Nb3 24. e4 Bxe4 25. Bf3 f5 26. Rd5 Qb7 27. Bxe4 fxe4 28. Rxb5 Ra6 29. Bc5 Qxb5 30. Bxf8 Kxf8 31. Rxe4 Nd2 32. Re1 Rg6 0-1

[Event "CHN-ch sf (Women)"]
[Site "Hefei"]
[Date "2023.04.26"]
[Round "8"]
[White "Wang, Qinxuanyi"]
[Black "Zhou, Yafei"]
[Result "1-0"]
[WhiteElo "1867"]
[BlackElo "1675"]
[PlyCount "81"]
[EventDate "2023.04.23"]
[EventType "swiss"]
[EventRounds "11"]
[EventCountry "CHN"]
[SourceTitle "CBM 214 Extra"]
[Source "ChessBase"]
[SourceDate "2023.07.31"]
[SourceVersion "1"]
[SourceVersionDate "2023.07.31"]
[SourceQuality "1"]

1. d4 Nf6 2. c4 c5 3. d5 e6 4. Nc3 exd5 5. cxd5 d6 6. e4 g6 7. Bd3 Bg7 8. h3 0-0 9. Nf3 Re8 10. 0-0 c4 11. Bc2 b5 12. Nxb5 Nxe4 13. Bxe4 Rxe4 14. Bg5 Qd7 15. Qc2 Re8 16. Qxc4 Ba6 17. a4 Bxb5 18. axb5 Rc8 19. Qb3 Rc5 20. Rfc1 h6 21. Rxc5 dxc5 22. Be3 Qd6 23. b6 a6 24. b7 Ra7 25. Rc1 Qd7 26. Rxc5 Rxb7 27. Qc4 Rxb2 28. Bf4 Kh7 29. Rc7 Qf5 30. d6 g5 31. Bg3 Nd7 32. Kh2 a5 33. Qc6 Ne5 34. Nxe5 Bxe5 35. Qe8 Bxg3+ 36. fxg3 Kg7 37. Rc8 Qf2 38. Qh8+ Kg6 39. Rg8+ Kf5 40. Qxb2 Qxb2 41. d7 1-0

[Event "China zt 3.5 (Women)"]
[Site "Shenzhen"]
[Date "2023.04.05"]
[Round "1"]
[White "Wang, Qinxuanyi"]
[Black "Ren, Xiaoyi"]
[Result "1-0"]
[WhiteElo "1867"]
[BlackElo "2156"]
[PlyCount "73"]
[EventDate "2023.04.05"]
[EventType "swiss"]
[EventRounds "9"]
[EventCountry "CHN"]
[SourceTitle "CBM 213 Extra"]
[Source "ChessBase"]
[SourceDate "2023.05.31"]
[SourceVersion "1"]
[SourceVersionDate "2023.05.31"]
[SourceQuality "1"]

1. d4 Nf6 2. c4 g6 3. Nc3 Bg7 4. e4 d6 5. Nf3 0-0 6. Be2 Nc6 7. 0-0 e5 8. d5 Ne7 9. b4 a5 10. Ba3 b6 11. bxa5 Rxa5 12. Bb4 Ra8 13. a4 Ne8 14. a5 c5 15. dxc6 Nxc6 16. Qd5 Bb7 17. axb6 Qxb6 18. Rxa8 Bxa8 19. Bxd6 Nd4 20. Qxa8 Nxd6 21. Qd5 Rc8 22. Nxd4 exd4 23. Rb1 Qa7 24. Nd1 Qa2 25. Bd3 Nxc4 26. Rb7 Rf8 27. Qxc4 Qd2 28. Qc2 Qe1+ 29. Bf1 Re8 30. Qc4 Rf8 31. Qe2 Qa5 32. Nb2 h5 33. g3 Rc8 34. Nc4 Qa6 35. Rxf7 Rd8 36. Qd3 Rb8 37. e5 1-0